LEADER 01448nam a2200301 u 4500 001 000000032393 003 CaOOAMICUS 005 20070226112240.0 008 971020m19811984it u000 u ita u 035 $a10773295 040 $aPUL(R)$bita 100 1 $aPanimolle, Salvatore Alberto.$0(OLS)http://pul/name/25284 245 10$aLettura pastorale del vangelo di Giovanni /Salvatore Alberto Panimolle. 260 $aBologna :$bEdizioni Dehoniane Bologna,$c1981-1984. 300 $a3 v. ;$c24 cm 490 1 $aLettura pastorale della Bibbia 504 $aBibliografia in nota. 830 0$aLettura pastorale della Bibbia.$0(OLS)http://pul/title/27141 850 $aPUL 852 $aPUL$W1$xSL Religione 1$y3$m9 C 45-47$j44669$nBK-PRI$b $qStampati$B44669$CPULBib$Z2$F44669 $H $81 852 $aPUL$W1$xSL Religione 1$y3$m9 C 45-47$j44669$nBK-PRI$b $qStampati$B44670$CPULBib$Z2$F44670 $H $81 852 $aPUL$W1$xSL Religione 1$y3$m9 C 45-47$j44669$nBK-PRI$b $qStampati$B44671$CPULBib$Z2$F44671 $H $81 941 1 $a8 961 $aINV: 53462-53463,52190 961 $aINV: 53462-53463,52190 961 $aINV: 53462-53463,52190 996 $6245$aLettura pastorale del vangelo di Giovanni /Salvatore Alberto Panimolle$9(OLS)http://pul/title/44649 996 $6260$aBologna :$bEdizioni Dehoniane Bologna$9(OLS)http://pul/publisher/60955 LEADER 01399nam a2200313 a 4500 001 000000124598 003 CaOOAMICUS 005 20110404105521.0 008 110309s2011 it u000 u ita r 020 $a978-88-348-1479-6 040 $aPUL$bita 082 04$a340.1 100 1 $aD'Agostino, Francesco,$d1946-$0(OLS)http://pul/name/10086 245 10$aBioetica e biopolitica :$bventuno voci fondamentali /$cFrancesco D'Agostino. 260 $aTorino :$bGiappichelli,$cİ2011. 300 $axi, 241 p. ;$c23 cm 490 1 $aRecta Ratio : testi e studi di filosofia del diritto. Sesta serie ;$v104 504 $aBibliografia in nota. 650 4$aBioetica$xDiritto.$0(OLS)http://pul/subject/34224 650 4$aBiopolitica.$0(OLS)http://pul/subject/36566 830 0$aRecta Ratio : testi e studi di filosofia del diritto.$nSesta serie ;$v104.$0(OLS)http://pul/title/151015 850 $aPUL 852 $aPUL$W1$xSL Diritto e Scienze Sociali 3$y79$m340. 01 COLL 1.104$j143485$qDDC 21$B142514$CPULBib$Z2$F142514 $H116317 $82 941 1 $a9 996 $6020$a978-88-348-1479-6$9(OLS)http://pul/number/146609 996 $6082$a340.1$9(OLS)http://pul/classification/476 996 $6245$aBioetica e biopolitica :$bventuno voci fondamentali$9(OLS)http://pul/title/157071 996 $6260$aTorino :$bGiappichelli$9(OLS)http://pul/publisher/48244